000 00463nam a2200181Ia 4500
001 22831
003 GE_BSU
008 181216s||||||||xx |||||||||||||| ||und||
040 _cGE_BSU
245 _aParis Match, 12 au 18 juillet №3609. 2018
260 _aParis
260 _c2018
300 _a116 p. 30cm. ill.
653 _aParis Match, 12 au 18 juillet №3609. 2018
653 _aПериодика
653 _aპერიოდიკა
942 _cCR
999 _c55736
_d55736